| 000 | 00000nas 2200000za 4500 |
| 001 | 9.819670 |
| 003 | CaOODSP |
| 005 | 20221107143024 |
| 007 | cr ||||||||||| |
| 008 | 160617d19731974oncar p oss f000#b0fre|d |
| 022 | |y0837-967X |
| 040 | |aCaOODSP|bfre |
| 041 | |aeng|afre |
| 043 | |an-cn--- |
| 086 | 1 |aCS61-514-PDF |
| 086 | 1 |aCS61-515-PDF |
| 245 | 00|aSelected financial statistics of associations |h[ressource électronique] / |cStatistics Canada, Merchandising and Services Division = Certaines statistiques financières d'associations / Statistique Canada, Division du commerce et des services. |
| 246 | 11|aCertaines statistiques financières d'associations |
| 260 | |a[Ottawa] : |bStatistics Canada = Statistique Canada, |c1975-1976. |
| 310 | |aAnnuel |
| 362 | 0 |a1973-1974. |
| 500 | |aÉdition numérisée de l’imprimé [par Statistique Canada]. |
| 546 | |aTexte en anglais et en français. |
| 692 | 07|2gccst|aAssociation professionnelle |
| 692 | 07|2gccst|aAssociation |
| 710 | 1 |aCanada. |bStatistique Canada. |bDivision du commerce et des services. |
| 791 | |tSelected financial statistics of associations |eeng|w(CaOODSP)9.819669 |